Ζητείται εγκέφαλος για ληστεία Take the money and run
Ο Βέρτζιλ Στάρκγουελ αρχίζει την εγκληματική του καριέρα κλέβοντας τσίχλες ως πιτσιρικάς. Στα 18 του παρατάει το σχολείο, δεν βρίσκει δουλειά και μέσα στην απόγνωσή του, ληστεύει από μια χρηματαποστολή ένα σάκκο με δίφραγκα, τα οποία σκοπρίζει σ'όλη την πόλη! Καταλήγει στην φυλακή, απ' όπο...
Αποθηκεύτηκε σε:
| Άλλοι συγγραφείς: | , |
|---|---|
| Μορφή: | |
| Γλώσσα: | English Greek |
| Δημοσίευση: |
[New York] : Αθήνα :
American Broadcasting Companies, Videosonic,
1997.
|
| Σειρά: | Κλασική ταινιοθήκη
|
| Θέματα: | |
| Ετικέτες: |
Προσθήκη ετικέτας
Δεν υπάρχουν, Καταχωρήστε ετικέτα πρώτοι!
|
MARC
| LEADER | 00000cgm a2200000 i 4500 | ||
|---|---|---|---|
| 001 | 1/40664 | ||
| 008 | 070206s1997####nyu||| | || ||eng|| | ||
| 035 | |l 10086888 | ||
| 040 | |a GR-MY-UA |b gre |e aacr | ||
| 041 | 0 | |a eng |j gre | |
| 082 | 0 | |a 791.437 |2 (22) | |
| 245 | 1 | 0 | |a Ζητείται εγκέφαλος για ληστεία |h [μαγνητοσκόπηση] = |b Take the money and run / |c σενάριο, σενάριο, σκηνοθεσία Γούντυ Άλεν ; παραγωγή Τσάρλς Τζόφφι. |
| 246 | 1 | |i Παράλληλος τίτλος: |a Take the money and run | |
| 260 | |a [New York] : |a Αθήνα : |b American Broadcasting Companies, |b Videosonic, |c 1997. | ||
| 300 | |a 1 βιντεοκασέτα (85 λεπτ.) : |b ομιλ., έγχρ. ; |c 1/2 ίν. | ||
| 490 | 1 | |a Κλασσική ταινιοθήκη | |
| 508 | |a Σενάριο, σκηνοθεσία Γούντυ Άλλεν, Μίκυ Ρόουζ; Παραγωγή Τσάρλς Τζόφφι. | ||
| 511 | 0 | |a Πρωταγωνιστούν Γούντυ Άλλεν, Τζάνετ Μαργκόλιν, Τζάκλιν Χάιντ; Μουσική Μάρβιν Χάμλις | |
| 520 | |a Ο Βέρτζιλ Στάρκγουελ αρχίζει την εγκληματική του καριέρα κλέβοντας τσίχλες ως πιτσιρικάς. Στα 18 του παρατάει το σχολείο, δεν βρίσκει δουλειά και μέσα στην απόγνωσή του, ληστεύει από μια χρηματαποστολή ένα σάκκο με δίφραγκα, τα οποία σκοπρίζει σ'όλη την πόλη! Καταλήγει στην φυλακή, απ' όπου επιχειρεί να αποδράσει, χρησιμοποιώντας ένα πιστόλι φτιαγμένο από σαπούνι... | ||
| 521 | |a Ακατάλληλο μέχρι 13 χρονών. | ||
| 538 | |a VHS format. | ||
| 650 | 0 | 0 | |a Comedy films. |
| 650 | 0 | 0 | |a Feature films. |
| 650 | 0 | 0 | |a Video recordings for the hearing impaired. |
| 700 | 1 | |a Joffe, Charles H. | |
| 700 | 1 | |4 drt |a Allen, Woody, |d 1935- | |
| 830 | 0 | |a Κλασική ταινιοθήκη | |
| 852 | |a INST |b LESVOS |c AV |e 20070206 |h 791.437 ΖΗΤ |p 005100036785 |q 005100036785 |t VC |y 23 | ||
| 901 | |a BIBL1-2007-1 | ||
| 909 | |a Λ |b 130626 | ||
| 922 | |a 1ΕΛΗ |b 200403 |c ΤΑΚ/ΚΥΒ |d VIDEO ΛΕΣΧΗ | ||
| 970 | |a ΚΑΡΑ |b ΓΙΑΣΕΜΗ |z 2007/02/06 | ||